Northern Kentucky earthquake, July 27, 1980 : reconnaissance report /

Bibliographic Details
Corporate Author: Earthquake Engineering Research Institute
Other Authors: Hanson, Robert, 1935-
Format: Book
Language:English
Published: Berkeley, Calif. : Earthquake Engineering Research Institute, 1980.
Subjects:

MARC

Tag First Indicator Second Indicator Subfields
LEADER 00000cam a2200000 a 4500
001 in00000072953
005 20151008060002.0
008 811125s1980 caua 00000 eng d
035 |a (OCoLC)07958136 
035 |9 AAJ4885AM 
040 |a PGE  |c PGE  |d TXA  |d UtOrBLW 
049 |a TXAM  |c [1655303] 
090 |a QE535.2.K4  |b N6 
245 0 0 |a Northern Kentucky earthquake, July 27, 1980 :  |b reconnaissance report /  |c Robert D. Hanson [and others]. 
264 1 |a Berkeley, Calif. :  |b Earthquake Engineering Research Institute,  |c 1980. 
300 |a v, 69 pages, 36 unnumbered pages :  |b illustrations ;  |c 28 cm. 
336 |a text  |b txt  |2 rdacontent 
337 |a unmediated  |b n  |2 rdamedia 
338 |a volume  |b nc  |2 rdacarrier 
650 0 |a Earthquakes. 
651 0 |a Kentucky  |x Earthquake, 1980. 
700 1 |a Hanson, Robert,  |d 1935- 
710 2 |a Earthquake Engineering Research Institute. 
999 |a MARS 
999 f f |s 1e81a899-6a00-32ca-a313-593f27215fbe  |i a5b44941-7320-3d85-9d8f-da8ca3ff8952  |t 0 
952 f f |p ric  |a Texas A&M University  |b Rellis Campus  |c Joint Library Facility  |d Remote Storage  |t 0  |e QE535.2.K4 N6  |h Library of Congress classification  |i unmediated -- volume  |m A14806215210 
998 f f |a QE535.2.K4 N6  |t 0  |l Remote Storage